26-京都府の市町村クイズ(1999年) - Statistics

General Stats
  • This quiz has been taken 153 times
  • The average score is 29 of 44
Answers on the Map
Answers color-coded by a green-red scale on the quiz's map according to % correct below.
 
Answer Stats
Answer % Correct
京都きょうと
94%
舞鶴まいづる
94%
綾部あやべ
92%
福知山ふくちやま
92%
宮津みやづ
92%
亀岡かめおか
91%
長岡京ながおかきょう
89%
宇治うじ
88%
大山崎おおやまざきちょう
85%
向日むこう
85%
伊根いねちょう
82%
京田辺きょうたなべ
82%
城陽じょうよう
82%
南山城みなみやましろむら
82%
久御山くみやまちょう
80%
八幡やわた
80%
笠置かさぎちょう
79%
精華せいかちょう
79%
木津きづちょう
76%
京北けいほくちょう
76%
宇治田原うじたわらちょう
74%
和束わづかちょう
73%
井手いでちょう
70%
美山みやまちょう
65%
夜久野やくのちょう
65%
園部そのべちょう
62%
久美浜くみはまちょう
58%
丹波たんばちょう
58%
網野あみのちょう
55%
大江おおえちょう
55%
丹後たんごちょう
55%
加茂かもちょう
52%
山城やましろちょう
48%
岩滝いわたきちょう
44%
和知わちちょう
44%
八木やぎちょう
42%
日吉ひよしちょう
41%
加悦かやちょう
39%
野田川のだがわちょう
38%
峰山みねやまちょう
36%
瑞穂みずほちょう
35%
大宮おおみやちょう
33%
弥栄やさかちょう
30%
三和みわちょう
29%
No matching quizzes found
Score Distribution
Percent of People with Each Score
Percentile by Number Answered
Your Score History
You have not taken this quiz